Estadísticas para Rosco de Pasapalabra #70

Haz click aquí para intentar la prueba.

Estadísticas generales

  • Esta prueba ha sido intentada 67 veces
  • La puntuación promedio es 12 de 25

Estadísticas de respuestas

InicialDefiniciónRespuesta% Correcto
CJefe de cocina, en especial de un restauranteChef
96%
ACereal que se cultiva en terrenos inundables y cuyo fruto es un grano blanco y alargadoArroz
89%
DSe dice del animal que caza a otros de distinta especie para alimentarseDepredador
87%
NEn el mundo cristiano, festividad anual en la que se conmemora el nacimiento de JesucristoNavidad
87%
PUtensilio consistente en una fila de púas paralelas unidas por un lado, que sirve para arreglar y alisar el peloPeine
87%
Contiene la ÑNatural del país europeo con capital en MadridEspañol
85%
MOrganización criminal clandestina de origen sicilianoMafia
80%
LAzote largo, delgado y flexible, de cuero u otro material, con que se aviva y castiga a las caballeríasLátigo
75%
SLugar donde tiene su domicilio una entidad económica, literaria o deportivaSede
67%
TSuperficie de la piel del rostro humanoTez
58%
Contiene la YQue goza de mucha influenciaInfluyente
56%
OIdea fija y persistente que ocupa el pensamientoObsesión
55%
BBebida desagradable de tomar o de mal aspectoBrebaje
53%
UTercera persona del plural del pretérito imperfecto de indicativo del verbo utilizarUtilizaban
45%
Contiene la QPersona que tiene a su cargo la venta pública del tabacoEstanquero
42%
GAperitivo ligero y crujiente, de forma alargada, generalmente hecho con maíz o patataGusanito
38%
EEn campeonatos o concursos, competición selectiva anterior a los cuartos de finalEliminatoria
35%
HJuntar o amontonar desordenadamente personas o cosas en un lugarHacinar
31%
IVigilancia que se hace por turno durante la noche en cada dormitorio de un cuartelImaginaria
24%
Contiene la XCapa más superficial del cerebroCórtex
22%
ZExcavación de una zanja o una mina, hecha con fines de guerraZapa
11%
JPreparación alimenticia a base de leche agriada, semejante al yogur, típica de MéxicoJocoque
4%
VLago de Suecia, situado a 89 metros de altitud, que es el segundo más grande del paísVättern
4%
FApellido del escritor autor de la novela "Pequeño mundo antiguo"Fogazzaro
2%
RPieza metálica, de madera o de hormigón que sirve para asegurar la rigidez de un elemento constructivoRiostra
2%

Distribución de puntuación

Porcentaje por número respondido

Porcentaje de gente con cada puntuación

Historial de tus puntuaciones

No has intentado esta prueba.